Solid waste engineering (Registro nro. 303937)
[ vista simple ]
| 000 -ENCABEZADO | |
|---|---|
| Número de control [NR] | 01009nam a2200289 a 4500 |
| 001 - NÚMERO DE CONTROL | |
| control field | ocn916516818 |
| 003 - IDENTIFICADOR DE CONTROL NÚMERO | |
| control field | OCoLC |
| 005 - FECHA Y HORA DE LA ÚLTIMA TRANSACCIÓN | |
| control field | 20180312112705.0 |
| 008 - DE LONGITUD FIJA DE DATOS DE ELEMENTOS - INFORMACIÓN GENERAL | |
| Elementos de longitud fija [NR] | 160913s2012 xxuad 001 0 eng d |
| 020 ## - NUMERO INTERNACIONAL NORMALIZADO PARA LIBROS [R] | |
| Número Internacional Normalizado del libro [NR] | 9781439062173 |
| 020 ## - NUMERO INTERNACIONAL NORMALIZADO PARA LIBROS [R] | |
| Número Internacional Normalizado del libro [NR] | 143906217X |
| 040 ## - FUENTE DE CATALOGACION [NR] | |
| Agencia de catalogación original [NR] | Co-BoUCM |
| Idioma de catalogación [NR] | spa |
| Quien Cataloga | Edgar Pinilla |
| Quien Clasifica | Edgar Pinilla |
| 041 ## - CODIGO DE IDIOMA [R] | |
| Código de idioma para texto/pista de sonido o título separado [R] | Inglés |
| 100 1# - ASIENTO PRINCIPAL--NOMBRE PERSONAL [NR] | |
| Nombre personal [NR] | Worrell, William A. |
| ID Autoridad | 80023 |
| 245 10 - MENCION DE TITULO [NR] | |
| Título [NR] | Solid waste engineering |
| Mención de responsabilidad, etc. [NR] | William A. Worrell, P. Aarne Vesilind ; edition prepared by Tarun Gupta. |
| 250 ## - MENCION DE EDICION [NR] | |
| Mención de edición [NR] | Second edition |
| 260 ## - PUBLICACION, DISTRIBUCION, ETC. (PIE DE IMPRENTA) [R] | |
| Lugar de publicación, distribución, etc. [R] | Stamford (Connecticut, Estados Unidos) |
| Nombre del editor, distribuidor, etc. [R] | Cengage Learning |
| Fecha de publicación, distribución, etc. [R] | 2012 |
| 300 ## - DESCRIPCION FISICA [R] | |
| Extensión [R] | xxii, 401 páginas |
| Otros detalles físicos [NR] | ilustraciones, gráficas |
| 650 04 - ASIENTO SECUNDARIO DE MATERIA - TERMINO TEMATICO [R] | |
| Término temático o nombre geográfico como elemento de entrada [NR] | Procesamiento de residuos solidos |
| 9 (RLIN) | 9963 |
| 650 04 - ASIENTO SECUNDARIO DE MATERIA - TERMINO TEMATICO [R] | |
| Término temático o nombre geográfico como elemento de entrada [NR] | Tratamiento de residuos |
| 9 (RLIN) | 25826 |
| 690 #0 - ASUNTO AGREGADO LOCAL DE ENTRADA - TÉRMINO TEMÁTICO (OCLC, RLIN) | |
| Acceso temático local | Ingeniería |
| 9 (RLIN) | 17607 |
| 700 1# - ASIENTO SECUNDARIO - NOMBRE PERSONAL [R] | |
| Nombre personal [NR] | Vesilind, P. Aarne |
| 9 (RLIN) | 80024 |
| 700 1# - ASIENTO SECUNDARIO - NOMBRE PERSONAL [R] | |
| Nombre personal [NR] | Reinhart, Debra R. |
| 9 (RLIN) | 80025 |
| 700 1# - ASIENTO SECUNDARIO - NOMBRE PERSONAL [R] | |
| Nombre personal [NR] | Gupta, Tarun |
| 9 (RLIN) | 80026 |
| 942 ## - ELEMENTOS DE ENTRADA AGREGADOS (KOHA) | |
| Sistema de clasificación | DEWEY |
| Tipo de ítem principal el descrito en 300a | Libro |
| Tema principal | Ciencias puras |
| Edición | 2 |
| Clasificación | 628.445 |
| Parte restante de la signatura top. | W896 |
| Título oculto en OPAC | No |
| Signatura topográfica | Código de barras | Última vez visto | Ejemplar | Costo de reposición | Price effective from | Tipo de ítem | Perdido | Sistema de clasificación | Dañado | No prestable | Tipo de ítem específico | Suprimido | Ubicación habitual | Ubicación actual | Localización | Fecha de creación | Proveedor | Forma de adquisición | Costo |
|---|---|---|---|---|---|---|---|---|---|---|---|---|---|---|---|---|---|---|---|
| 628.445 W896 | 200029443 | 04/12/2025 | Ej.1 | 190000.00 | 12/09/2016 | Libro | DEWEY | Libro | Claustro | Claustro | 4to piso | 12/09/2016 | 106 | Compra | 190000.00 |